[Event "Qazvin op (Women) 18th"]
[Site "Qazvin"]
[Date "2015.08.14"]
[Round "1"]
[White "Alavi, Homa"]
[Black "Heidari, Elina"]
[Result "1-0"]
[WhiteElo "1991"]
[BlackElo "1429"]
[PlyCount "95"]
[EventDate "2015.08.14"]
[EventType "swiss"]
[EventRounds "11"]
[EventCountry "IRI"]
[SourceTitle "EXT 2016"]
[Source "ChessBase"]
[SourceDate "2015.10.08"]
[SourceVersion "1"]
[SourceVersionDate "2015.10.08"]
[SourceQuality "1"]

1. d4 Nf6 2. c4 e6 3. Nf3 Bb4+ 4. Nbd2 0-0 5. a3 Be7 6. e4 d6 7. Bd3 c5 8. 0-0 cxd4 9. Nxd4 Nc6 10. N2b3 e5 11. Ne2 Be6 12. h3 Rc8 13. Be3 a6 14. Rc1 Re8 15. Nc3 Bf8 16. Nd5 Bxd5 17. exd5 Ne7 18. Nd2 Ng6 19. b4 Kh8 20. Ne4 Nxe4 21. Bxe4 Be7 22. c5 dxc5 23. bxc5 Bf8 24. d6 Rb8 25. Qf3 Qd7 26. Rfd1 Red8 27. Rb1 Nh4 28. Qh5 Ng6 29. Bf5 Qa4 30. Rb4 Qxa3 31. Rh4 h6 32. Bxg6 fxg6 33. Qxe5 Qb3 34. Rc1 h5 35. g4 Re8 36. Qg5 Qe6 37. gxh5 gxh5 38. Qxh5+ Kg8 39. Qh7+ Kf7 40. Rf4+ Qf6 41. Rxf6+ Kxf6 42. Rc4 Ke6 43. Qe4+ Kd7 44. c6+ bxc6 45. Qxc6+ Ke6 46. d7+ Ke7 47. Re4+ Kf7 48. dxe8Q+ 1-0